| Поле | Название | Значение |
| |
Тип записи |
a |
| |
Библиографический уровень |
m |
| 001 |
Контрольный номер |
RU/SLIB/B/208734052 |
| 005 |
Дата корректировки |
20241217095818.6 |
| 010 |
Индекс ISBN |
__ |
| d |
Цена |
5 500-00, 420-00, 270-00 |
| 101 |
Язык документа |
0_ |
| a |
Язык текста |
rus |
| 200 |
Заглавие и сведения об ответственности |
0_ |
| a |
Заглавие |
История Русской Армии |
| e |
Сведения, относящиеся к заглавию |
в 4 т. |
| b |
Общее обозначение материала |
Текст |
| h |
Номер части |
Т. 1 |
| i |
Наименование части |
От Нарвы до Парижа 1700-1814гг. |
| 210 |
Выходные данные |
1_ |
| a |
Место издания |
М. |
| c |
Издательство |
Голос |
| d |
Дата издания |
1992 |
| 215 |
Физическое описание |
__ |
| a |
Объем |
304 с. |
| c |
Иллюстрации/тип воспроизводства |
ил. |
| 600 |
Персоналии |
_1 |
| a |
Персоналии (Фамилия) |
Петр |
| 600 |
Персоналии |
_1 |
| a |
Персоналии (Фамилия) |
Елизавета |
| 600 |
Персоналии |
_1 |
| a |
Персоналии (Фамилия) |
Екатерина |
| 600 |
Персоналии |
_1 |
| a |
Персоналии (Фамилия) |
Павел |
| 600 |
Персоналии |
_1 |
| a |
Персоналии (Фамилия) |
Александр |
| 600 |
Персоналии |
_1 |
| a |
Персоналии (Фамилия) |
Наполеон |
| 606 |
Тематические рубрики |
__ |
| a |
Основная рубрика |
Военное дело |
| z |
Хронологическая подрубрика |
1700-1814 гг.; 18 в.; 19 в. нач. |
| y |
Географическая подрубрика |
Россия; Франция |
| 606 |
Тематические рубрики |
__ |
| a |
Основная рубрика |
Вооруженные силы СССР и России |
| 610 |
Ключевые слова |
0_ |
| a |
Ключевые слова |
армия; военные действия; Бородинское сражение |
| 686 |
Индексы других классификаций |
__ |
| a |
Классификационный индекс |
68.41(2) |
| 686 |
Индексы других классификаций |
__ |
| a |
Классификационный индекс |
63.3(2)46 |
| 686 |
Индексы других классификаций |
__ |
| a |
Классификационный индекс |
63.3(2)47; ст68.4(2)+ст63.3(2)4 |
| 700 |
Автор |
_1 |
| a |
Фамилия |
Керсновский |
| b |
Имя |
А. А. |
| 4 |
Код отношения |
070 |
| 801 |
Источник записи |
_0 |
| a |
Страна |
RU |
| b |
Организация |
Муниципальное бюджетное учреждение культуры "Централизованная библиотечная система" г. Сургут (Центральная городская библиотека им. А. С. Пушкина) |
| g |
Правила каталогизации |
КиК/Уланова |
| 801 |
Источник записи |
_1 |
| a |
Страна |
RU |
| b |
Организация |
Муниципальное бюджетное учреждение культуры "Централизованная библиотечная система" г. Сургут (Центральная городская библиотека им. А. С. Пушкина) |
| g |
Правила каталогизации |
КиК/Уланова |
| 852 |
Данные о местонахождении |
__ |
| j |
Шифр хранения |
68.41(2) |
| c |
Каталожный индекс |
68.49(2); 63.3(2)46; 63.3(2)47 |
| i |
Авторский знак |
К 36 |
| p |
Инвентарный номер |
52347, 48848, 47768 |
| 901 |
Тип документа |
__ |
| t |
Тип документа |
m |
| 990 |
Данные о заказе (DOS) |
__ |
| j |
Количество экземпляров (DOS) |
7; 3; 2 |
| t |
N записи в КСУ для И/У (DOS) |
199501; 199401; 199301 |